000 00497nam a2200181Ia 4500
001 3671
005 20260306145700.0
008 260306t2022||||xx |||||||||||||| ||spa||
041 _aESP
082 _a301.0985
_bD75
100 _aDiez Hurtado, Alejandro,
_eAUT
245 0 _aPueblos indígenas, comunidades campesinas y fiestas :
_bantropología e historia rural en Piura
260 _c2022
300 _a368 páginas :
_c24 cm.
650 _aGEN
654 _aCHU
942 _cLIB
_dJUS
_fJUS
_2ddc
_n
999 _c3671
_d3671